A mística e os místicos.

Shranjeno v:
Bibliografske podrobnosti
Glavni avtor: Losso, Eduardo Guerreiro (organizador)
Drugi avtorji: Bingemer, Maria Clara (organizadora), Pinheiro, Marcus Reis (organizador)
Format: Neznan
Izdano: Petrópolis, RJ., Brasil: Vozes, 2022.
Teme:
Oznake: Označite
Brez oznak, prvi označite!

MARC

LEADER 00000 a2200000 4500
003 CL-VaPUC
005 20250430122110.0
008 250430t2022 ||||| |||| 00| 0 por d
999 |c 449040  |d 449038 
020 |a 9786557132845 
040 |c Pontificia Universidad Católica de Valparaíso 
082 7 |2 22  |a 248.2209 LOS 2022 
100 |a Losso, Eduardo Guerreiro  |9 901995  |e organizador 
245 1 2 |a A mística e os místicos. 
260 |a Petrópolis, RJ., Brasil:  |b Vozes,   |c 2022. 
300 |a 630 páginas.  
583 |k GC  |c 20250430 
650 0 |a Cristianismo  |9 257361 
650 0 |a Mística  |9 378376 
700 |a Bingemer, Maria Clara   |e organizadora  |9 902485 
700 |a Pinheiro, Marcus Reis  |e organizador  |9 902486 
942 |n 1  |2 ddc  |c BK 
952 |0 0  |1 0  |2 ddc  |4 0  |6 248_220900000000000_LOS_2022  |7 0  |8 A  |9 602823  |a BIBTEO  |b BIBTEO  |d 2025-04-30  |e 2  |g 82407.00  |i 5667323  |o 248.2209 LOS 2022  |p 5667323  |r 2025-05-07  |t 1  |v 82407.00  |w 2025-04-30  |y BK  |k ICR